000 00734nam a2200241Ia 4500
003 OSt
005 20220930063841.0
006 a|||||r|||| 00| 0
007 ta
008 220926b |||||||| |||| 00| 0 eng d
024 _a3392
037 _cTheses
040 _aCRL
_cCRL
_beng
041 _2eng
_aeng
100 _aChattopadhyay Jayanti
_9523607
110 _aUniversity of Delhi. Faculty of Arts. Department of Modern Indian Languages
245 0 _aDiction of Micheal Madhusudan Dutta's poetry
260 _c1972
650 _aMODERN EUROPEAN LANGUAGES
700 _aUniversity of Delhi. Faculty of Arts. Department of Modern Indian Languages
942 _cDIS
_2CC
999 _c857388
_d857388